00715nam a2200241 a 4500001001300000003000900013005001700022008004100039020002200080082001900102100001700121245005500138260002500193300000800218500003500226505001700261650001600278700001700294902000800311942000700319952013000326999001700456nice12345678IN_TiNIC20260116014156.0050524s2002 dela grp 000 0 eng  a8172147 c9500a305.40954bDUR aDurrany, K S aWomen`s Movement in Religious Communities in India aDelhi bISPCK c2002 a194 aincludes index and biblioraphy2 aBibliography aWomen-India1 aDurrany, K S bSRS cBK 001040708StackRoom-aHMIbHMId2007-08-29g95.00l5o305.40954 DURp020253r2023-07-11s2023-07-05v95.00w2005-05-24yBK c14185d14185